| 000 | 00440nam a2200181Ia 4500 | ||
|---|---|---|---|
| 001 | 17750 | ||
| 005 | 20260306171540.0 | ||
| 008 | 260306s9999||||xx |||||||||||||| ||und|| | ||
| 041 | _aESP | ||
| 082 |
_a658.1511 _bC23 |
||
| 100 |
_aCalleja Bernal, Francisco Javier _eAUT |
||
| 245 | 0 | _aContabilidad administrativa | |
| 260 | _c2003 | ||
| 300 |
_a224 páginas : _c26 cm. |
||
| 650 | _aGEN | ||
| 654 | _aCAN | ||
| 942 |
_cLIB _dJUS _fJUS _2ddc _n |
||
| 999 |
_c17750 _d17750 |
||